[Event "Izmailov Memorial op 13th"]
[Site "Tomsk"]
[Date "2009.06.28"]
[Round "5"]
[White "Komissarov, Vadim"]
[Black "Sozin, Stepan"]
[Result "0-1"]
[WhiteElo "2051"]
[BlackElo "1955"]
[PlyCount "94"]
[EventDate "2009.06.24"]
[EventType "swiss"]
[EventRounds "9"]
[EventCountry "RUS"]
[SourceTitle "EXT 2010"]
[Source "ChessBase"]
[SourceDate "2010.11.25"]
[SourceVersion "1"]
[SourceVersionDate "2010.11.25"]
[SourceQuality "1"]

1. d4 d5 2. c4 c6 3. Nf3 Nf6 4. Nc3 a6 5. e3 e6 6. cxd5 exd5 7. Qc2 Be7 8. Bd3 h6 9. 0-0 0-0 10. e4 dxe4 11. Nxe4 Nxe4 12. Bxe4 Bg4 13. Ne5 Be6 14. Be3 Nd7 15. Bh7+ Kh8 16. Bf5 Nxe5 17. dxe5 Bxf5 18. Qxf5 Qc8 19. Qh5 Qe6 20. f4 f5 21. Rfd1 Rad8 22. b3 Rd5 23. Rxd5 Qxd5 24. Rd1 Qa5 25. h3 Qxa2 26. Rd7 Qxb3 27. Bd4 c5 28. Rxe7 cxd4 29. Qg6 Qe3+ 30. Kh1 Qc1+ 31. Kh2 Qxf4+ 32. Kh1 Rg8 33. e6 d3 34. Rd7 d2 35. e7 Qf1+ 36. Kh2 d1Q 37. Rxd1 Qxd1 38. e8Q Rxe8 39. Qxe8+ Kh7 40. Qf7 Qb1 41. h4 b5 42. h5 f4 43. Qxf4 b4 44. g4 b3 45. g5 hxg5 46. Qxg5 b2 47. h6 Qg6 0-1